00513nam a2200169 450000500170000001000150001702000260003203500140005803700130007208200140008510000170009924500750011625000090019126000340020027000830023430000260031720200203152958.0 aENG-127270 a9788170949572c399.00 aEN-110802 bDBAD/PUB a332.60954 aShanbhag, AN aIn the Womderland of investmentcby AN Shanbhag (and) sandeep Shanbhag a23rd aNew DelhibVision Booksc2016 a24 feroze Gandhi Road Lajpat Nagar 3b New Delhie110024mvisionbook@gmail.com aXXiX,313p.c22cm(PBK)